VALUE STREAM MAPPING FOR HEALTHCARE MADE (Record no. 14373)

MARC details
000 -LEADER
fixed length control field 00345nam a2200133Ia 4500
008 - FIXED-LENGTH DATA ELEMENTS--GENERAL INFORMATION
fixed length control field 240624s9999 xx 000 0 und d
041 ## - LANGUAGE CODE
Language code of text/sound track or separate title eng
082 ## - DEWEY DECIMAL CLASSIFICATION NUMBER
Classification number 362.1 JIM
100 ## - MAIN ENTRY--PERSONAL NAME
Personal name JIMMERSON CINDY
245 ## - TITLE STATEMENT
Title VALUE STREAM MAPPING FOR HEALTHCARE MADE
260 ## - PUBLICATION, DISTRIBUTION, ETC.
Date of publication, distribution, etc. 2009
Place of publication, distribution, etc. Boca Raton
Name of publisher, distributor, etc. Productivity Press
300 ## - PHYSICAL DESCRIPTION
Extent 119 : p.
365 ## - TRADE PRICE
Currency code BPS
Price amount 30
Holdings
Withdrawn status Lost status Damaged status Not for loan Home library Current library Shelving location Date acquired Source of acquisition Cost, normal purchase price Total Checkouts Total Holds Full call number Barcode Date last seen Date last checked out Copy number Price effective from Koha item type
        IMTN IMTN Rack 15-A 02/10/2010 BWE 34.99 1 7955 362.1 JIM 14373 10/15/2025 10/11/2025 78.7 06/24/2024 Books
Designed & Maintained by: LRC IMT Nagpur Contact: lrc@imtnag.ac.in© 2024. All Rights Reserved.